00329nam a2200121Ia 4500008004100000041000800041082001200049100002000061245004500081260003900126300003100165365001100196240624s9999 xx 000 0 und d aeng a658 CON aCONKLIN DAVID W aCASES IN THE ENVIRONMENT OF BUSINESS INT c2007aNew DelhibSage Publications axiv, : 605 : p. : cm. ; 23 cRSb34